000 00204nam a22000857a 4500
008 170302b xxu||||| |||| 00| 0 eng d
100 _93010
_aBharat
245 _aSinhasan Batisi
260 _aNew Delhi
_bRPB
_c2006
999 _c6253
_d6253